Modern Family: ABCs of Real Estate Quiz Stats

Quiz Updated Dec 17, 2014

Challenge
Share
Tweet
Embed
Score 0/23 Timer 05:00
0 Plays Today
Letter Word % Correct
AAlways
94.6%
BBe
93.7%
CClosing
66.9%
DDon't
51.7%
EEver
49.9%
FForget
41.1%
HHome
32.5%
JJust
28.5%
GGreat
27.9%
KKeep
25.1%
LLurking
21.4%
IIdeas
20.6%
Letter Word % Correct
QQuestion
19.7%
PPeople
19.6%
MMostly
18.4%
TTake
18.4%
WWill...
18.2%
NNearby
18%
RRealtors'
17.5%
OOften
16.7%
SSincerity
16%
UUmbrage
15.5%
VViolators
15.3%

You're not logged in!

Compare scores with friends on all Sporcle quizzes.
Sign Up with Email
OR
Log In

You Might Also Like...

Show Comments

Extras

Top Quizzes Today


Score Distribution

Your Account Isn't Verified!

In order to create a playlist on Sporcle, you need to verify the email address you used during registration. Go to your Sporcle Settings to finish the process.